Les marques de téléphone les plus connues - Statistiques

Statistiques générales
  • Ce quiz a été pris 326 fois
  • Le résultat moyen est 5 sur 10
Statistiques - réponses
Hint Réponse % Correct
Corée du sud Samsung
99%
États-Unis Apple
95%
Chine Huawei
72%
Finlande Nokia
65%
Chine Xiaomi
59%
États-Unis Google
37%
Chine OPPO
35%
Chine OnePlus
12%
Taïwan Asus
6%
Chine RedMagic
1%
Aucun quiz correspondant
Distribution des résultats
% des personnes avec chaque résultat
Percentile par nombre de réponses
Votre historique - résultats
Vous n’avez pas pris ce quiz